Applied heat for engineers, (Record no. 67735)

000 -LEADER
fixed length control field 00427nam a22001817a 4500
003 - CONTROL NUMBER IDENTIFIER
control field NUST - PNEC
005 - DATE AND TIME OF LATEST TRANSACTION
control field 20170116181031.0
008 - FIXED-LENGTH DATA ELEMENTS--GENERAL INFORMATION
fixed length control field 150919b xxu||||| |||| 00| 0 eng d
020 ## - INTERNATIONAL STANDARD BOOK NUMBER
International Standard Book Number -
040 ## - CATALOGING SOURCE
Transcribing agency LIBRARY
082 ## - DEWEY DECIMAL CLASSIFICATION NUMBER
Edition number 4th. ed
Classification number 621.4022 SNE
100 ## - MAIN ENTRY--PERSONAL NAME
9 (RLIN) 11079
Personal name Sneeden
245 ## - TITLE STATEMENT
Title Applied heat for engineers,
Statement of responsibility, etc. Sneeden
260 ## - PUBLICATION, DISTRIBUTION, ETC.
Date of publication, distribution, etc. c.1972
650 ## - SUBJECT ADDED ENTRY--TOPICAL TERM
9 (RLIN) 10482
Topical term or geographic name entry element Heat-engines
651 ## - SUBJECT ADDED ENTRY--GEOGRAPHIC NAME
General subdivision ME
942 ## - ADDED ENTRY ELEMENTS (KOHA)
Source of classification or shelving scheme
Koha item type Book
Holdings
Withdrawn status Lost status Source of classification or shelving scheme Damaged status Not for loan Permanent Location Current Location Date acquired Source of acquisition Total Checkouts Full call number Barcode Date last seen Price effective from Koha item type
          Pakistan Navy Engineering College (PNEC) Pakistan Navy Engineering College (PNEC)   -   621.4022 SNE PNECLIB-004253 09/19/2015   Book
© 2023 Central Library, National University of Sciences and Technology. All Rights Reserved.